| 000 | 00987cam a2200253 4500 | ||
|---|---|---|---|
| 001 | WS109091 | ||
| 008 | 000000n 000 0 eng u | ||
| 035 | _a(Sirsi) u109091 | ||
| 110 |
_aCountryside Agency _93740 |
||
| 245 | _aCountryside Agency | ||
| 520 | _aWeb site reviewing the work of this organisation covering land and economy, rural communities, protected countryside, transport and research and including details of their publications. Also links to their Market Towns Toolkit which helps communities assess and improve the vitality of their town. | ||
| 650 | _aCOUNTRYSIDE | ||
| 650 | _aTRANSPORT | ||
| 650 | _aRURAL COMMUNITIES | ||
| 650 | _aRESEARCH | ||
| 650 |
_aEnvironment _96238 |
||
| 650 | _aGOVERNMENT | ||
| 650 | _aRURAL ECONOMY | ||
| 650 | _aMARKET TOWNS | ||
| 650 | _aMARKET TOWN TOOLKIT | ||
| 690 | _aRURAL-NATURE CONSERVATION | ||
| 856 | 4 | 0 |
_uhttps://www.countryside.gov.uk _zView the website free of charge at www.countryside.gov.uk... |
| 942 | _n0 | ||
| 999 |
_c119703 _d119703 |
||